| 000 | 00723nam a2200253Ia 4500 | ||
|---|---|---|---|
| 003 | OSt | ||
| 005 | 20220918184828.0 | ||
| 006 | a|||||r|||| 00| 0 | ||
| 007 | ta | ||
| 008 | 220917b |||||||| |||| 00| 0 eng d | ||
| 024 | _a48,252 | ||
| 037 | _cTextual | ||
| 040 |
_aARTS _cARTS _beng |
||
| 041 |
_2eng _aeng |
||
| 082 | _aP:3p1,N77, L8 | ||
| 110 |
_aSymposium On Fronting (University of Leiden) (1977) _966758 |
||
| 245 | 0 | _aPapers ed by Frank Jansen | |
| 260 |
_aLisse _bPeter de Ridder Press _c1978 |
||
| 300 |
_a112p. _ccm. |
||
| 650 | _aLINGUISTICS | ||
| 700 |
_aSymposium On Fronting (University of Leiden) (1977) _966759 |
||
| 942 |
_hP:3p1,N77, L8 _cTEXL _2CC |
||
| 999 |
_c177922 _d177922 |
||